| 000 -LEADER | |
|---|---|
| fixed length control field | 00287nam a22001217a 4500 |
| 020 ## - INTERNATIONAL STANDARD BOOK NUMBER | |
| ISBN | N/A |
| 050 ## - LIBRARY OF CONGRESS CALL NUMBER | |
| Classification number | BJ 1231 |
| 245 ## - TITLE STATEMENT | |
| Title | ETHICAL theories; A book of readings |
| 260 ## - PUBLICATION, DISTRIBUTION, ETC. (IMPRINT) | |
| Place of publication | Englewood Cliff N.J |
| Name of publisher | Prentice-Hall Inc. |
| Year of publication | 1950 |
| 300 ## - PHYSICAL DESCRIPTION | |
| Number of Pages | 386p.; index |
| 700 ## - ADDED ENTRY--PERSONAL NAME | |
| Personal name | A.I Melden |
| 942 ## - ADDED ENTRY ELEMENTS (KOHA) | |
| Koha item type | Books |
| Koha item type | Collection code | Accession Number | Permanent Location | Current Location | Date acquired | Full call number |
|---|---|---|---|---|---|---|
| Books | Lending | 5768 | Chapman Library | Chapman Library | 2017-11-13 | BJ 1231 eth |

